Основные формы проявления религиозности населения западносибирских регионов в 1940–1950-е гг.; Советские регионы: политика, экономика, повседневность. 1930–1950-е годы

التفاصيل البيبلوغرافية
Parent link:Советские регионы: политика, экономика, повседневность. 1930–1950-е годы.— 2024.— С. 525-535
المؤلف الرئيسي: Сосковец Л. И. Любовь Ивановна
الملخص:Текстовый файл
اللغة:الروسية
منشور في: 2024
الموضوعات:
الوصول للمادة أونلاين:https://www.elibrary.ru/item.asp?id=80293622
التنسيق: الكتروني فصل الكتاب
KOHA link:https://koha.lib.tpu.ru/cgi-bin/koha/opac-detail.pl?biblionumber=679946

MARC

LEADER 00000naa0a2200000 4500
001 679946
005 20250425115616.0
090 |a 679946 
100 |a 20250425d2024 k||y0rusy50 ca 
101 2 |a rus 
102 |a RU 
135 |a drcn ---uucaa 
181 0 |a i   |b  e  
182 0 |a b 
183 0 |a cr  |2 RDAcarrier 
200 1 |a Основные формы проявления религиозности населения западносибирских регионов в 1940–1950-е гг.   |f Сосковец Л. И. 
203 |a Текст  |b визуальный  |c электронный 
283 |a online_resource  |2 RDAcarrier 
320 |a Список литературы: 12 назв 
336 |a Текстовый файл 
463 1 |t Советские регионы: политика, экономика, повседневность. 1930–1950-е годы  |o материалы XVI Международной научной конференции, Екатеринбург, 21-23 Июня 2024  |n РОССПЭН  |c Москва  |v С. 525-535  |d 2024 
545 1 |a История сталинизма. Дебаты 
610 1 |a труды учёных ТПУ 
610 1 |a электронный ресурс 
610 1 |a религиозность 
610 1 |a население 
700 1 |a Сосковец  |b Л. И.  |c историк, политолог  |c профессор Томского политехнического университета, доктор исторических наук  |f 1956-  |g Любовь Ивановна  |9 11385 
801 0 |a RU  |b 63413507  |c 20250425 
850 |a 63413507 
856 4 |u https://www.elibrary.ru/item.asp?id=80293622  |z https://www.elibrary.ru/item.asp?id=80293622 
942 |c CF